000 00920cab a22001935a 4500
001 L143167
008 080414e20080404xxkd f 000 0 eng d
035 _a(Sirsi) u143167
041 0 _aeng
100 1 _aMoone, Brian
245 0 0 _aLead times
_bFebruary-April 2008
260 _c2008
490 0 _aBuilding
_v273(8523) 4 April 2008, 82-83(2)
520 _aGives details of lead times for various products, including piling, concrete works, structural steel frames, cladding and roofing. The period between February and April 2008 saw a stabilisation of workload, with only three packages reporting a decrease in lead times and three packages reporting an increase. Staff shortages in the areas of project management, estimating and specialist design have been reported by the specialist contractors.
590 _aKA
651 4 _aUnited Kingdom
_y
690 _aBUILT ENVIRONMENT-BUILDING ELEMENTS
942 _n0
999 _c80076
_d80076